Wellington Phoenix most appearances as of 2020 - Statistics

General Stats
  • This quiz has been taken 11 times
  • The average score is 10 of 20
Answer Stats
Appearances Answer % Correct
281 Durante
90%
127 Krishna
90%
150 Moss
90%
187 Sigmund
80%
106 Ifill
60%
196 Muscat
60%
74 Paston
60%
112 Brown
50%
202 Lia
50%
138 lochhead
50%
131 Bertos
40%
83 Bonevacia
40%
115 Daniel
40%
111 Fenton
40%
84 Greenacre
40%
88 McGlinchey
40%
88 Doyle
20%
74 Hearfield
20%
73 Rodriguez
20%
76 Ridenton
10%
No matching quizzes found
Score Distribution
Percent of People with Each Score
Percentile by Number Answered
Your Score History
You have not taken this quiz